| 000 | 00582nam a2200217 a 4500 | ||
|---|---|---|---|
| 001 | BRCA_6090 | ||
| 005 | 20190320205330.0 | ||
| 008 | 200611s1940----nyua######---#000-0#eng-# | ||
| 041 | _aeng | ||
| 044 | _anyu | ||
| 050 | 4 |
_aML160 _b.W54 1940 |
|
| 100 | 1 |
_aWilm, Grace Gridley _915403 |
|
| 245 | 1 | 0 |
_aA history of music _cby Grace Gridley Wilm. |
| 260 |
_aNueva York _bTudor _c1940 |
||
| 300 |
_axv, 382 p. _bil., 7 láminas _c21 cm. |
||
| 500 | _aIncluye índice alfabético | ||
| 500 | _aK1 | ||
| 650 | 1 | 4 |
_aMúsica _xHistoria y crítica _915404 |
| 902 | _aGFM | ||
| 942 |
_2lcc _cB |
||
| 999 |
_c5777 _d5777 |
||